000 00524nam a2200181 i 4500
001 86359
003 ES-MaACL
005 20230906175429.0
007 t|
008 041209s1958 sp ||||1| spa d
100 1 _aKarag, Acisclo.
_967545
245 1 0 _aDiccionario de los deportes /
_cAcisclo Karag.
250 _a[1ª ed.].
260 _aBarcelona :
_bDalmau y Jover,
_c[1958] (
_fRafael Salvá)
300 _a2 v. :
_bil. ;
_c25 cm.
650 4 _aDeportes-
_xDiccionarios.
_9168292
852 _aES-MaACL
_jP-816
_bR.42684
999 _c86359
_d86359